| 000 | 00389cam a2200169 4500 | ||
|---|---|---|---|
| 008 | 090401t2005 xxu||||| |||| 00| 0 eng d | ||
| 020 | _a0406148228 | ||
| 035 | _a(Sirsi) u98541 | ||
| 041 | _aeng | ||
| 100 | _aCawthorn, John | ||
| 245 | _aResidential estate conveyancing. | ||
| 250 | _a2nd ed. | ||
| 260 |
_bButterworths _c2005 |
||
| 350 | _a55 | ||
| 942 | _n0 | ||
| 948 | _c11/07/1997 | ||
| 999 |
_c99181 _d99181 |
||